[Event "Linares Anibal op"]
[Site "Linares"]
[Date "1999.01.09"]
[Round "2"]
[White "Minasian, Artashes"]
[Black "Maherramzade, Javad"]
[Result "1-0"]
[WhiteElo "2620"]
[BlackElo "2440"]
[PlyCount "59"]
[EventDate "1999.01.??"]
[Source "ChessBase"]
[SourceDate "1999.03.01"]

1. e4 c5 2. Nc3 Nc6 3. g3 g6 4. Bg2 Bg7 5. d3 d6 6. Nge2 Nf6 7. O-O O-O 8. Bg5 h6 9. Be3 Ng4 10. Bd2 Nd4 11. Nxd4 cxd4 12. Ne2 Qb6 13. c3 dxc3 14. Bxc3 Bxc3 15. bxc3 e5 16. Qd2 Kg7 17. Rab1 Qa6 18. f4 Nf6 19. d4 Be6 20. fxe5 dxe5 21. dxe5 Ng4 22. Nd4 Bc4 23. Qf4 Bxf1 24. Rxf1 h5 25. h3 Nh6 26. e6 Qb6 27. Kh2 Rae8 28. Qf6+ Kh7 29. e7 Qxf6 30. exf8=Q 1-0

[Event "World Open"]
[Site "Philadelphia USA"]
[Date "2008.07.04"]
[Round "5"]
[White "Hess, Ro"]
[Black "Gopal, G."]
[Result "1-0"]
[WhiteElo "2484"]
[BlackElo "2572"]
[PlyCount "89"]
[EventDate "2008.07.02"]
[Source "www.chesslib.no"]
[SourceDate "2004.05.04"]

1. e4 c5 2. Nc3 d6 3. g3 Nc6 4. Bg2 g6 5. d3 Bg7 6. f4 Nf6 7. Nf3 O-O 8. O-O Bg4 9. h3 Bxf3 10. Qxf3 Nd7 11. Nd5 Rc8 12. g4 c4 13. dxc4 Na5 14. Rb1 Nxc4 15. b3 e6 16. bxc4 exd5 17. cxd5 Rxc2 18. Rxb7 Qc8 19. Rb1 Rxa2 20. Be3 a5 21. Rfc1 Rc2 22. Qd1 Qc3 23. Bf2 Rxc1 24. Rxc1 Qa3 25. Rc7 Rd8 26. Qc2 Nc5 27. e5 Nd3 28. Rc8 Rxc8 29. Qxc8+ Bf8 30. e6 Qb2 31. Bg3 Qf6 32. Qe8 Qe7 33. Qa8 Nc5 34. f5 gxf5 35. gxf5 a4 36. Kh2 f6 37. Bf3 Qb7 38. Qe8 Qe7 39. Qb8 Kg7 40. Qb4 Kg8 41. Bh5 Qg7 42. Bf7+ Kh8 43. Bh4 Qh6 44. e7 Bxe7 45. Qb8+ 1-0

[Event "JUG-URS"]
[Site "URS"]
[Date "1979.??.??"]
[Round "?"]
[White "Romanishin, Oleg M"]
[Black "Bukic, Enver"]
[Result "1-0"]
[WhiteElo "2560"]
[BlackElo "2495"]
[PlyCount "99"]
[EventDate "1979.??.??"]
[Source "ChessBase"]

1. e4 c5 2. Nc3 d6 3. g3 Nc6 4. Bg2 g6 5. d3 Bg7 6. Bg5 Rb8 7. Qd2 b5 8. Nge2 b4 9. Nd1 Qc7 10. O-O e6 11. c3 Ba6 12. c4 Bb7 13. f4 h6 14. Bh4 Nge7 15. Ne3 f5 16. g4 O-O 17. Kh1 Nd4 18. Rae1 Rbe8 19. Nxd4 Bxd4 20. Re2 Kh7 21. Qe1 fxe4 22. dxe4 Ng8 23. g5 h5 24. Qg3 Ne7 25. Qh3 Qc8 26. Be1 Kg8 27. b3 Rf7 28. Bd2 a5 29. Bc1 Ref8 30. Nc2 e5 31. Qd3 Qa8 32. Nxd4 cxd4 33. Ref2 Bc6 34. Kg1 Qb7 35. Bd2 Qa8 36. Bc1 Qb7 37. Re2 Kh8 38. Qg3 Qc7 39. Ref2 exf4 40. Bxf4 Nc8 41. c5 Qa7 42. Bxd6 Rxf2 43. Rxf2 Rxf2 44. Qxf2 Qg7 45. Qf6 d3 46. Kf2 Kh7 47. Be5 Qxf6+ 48. gxf6 Kg8 49. Bh3 Bb5 50. Ke3 1-0

[Event "Buenos Aires Boca op"]
[Site "Buenos Aires"]
[Date "2001.09.24"]
[Round "6"]
[White "Rodriguez, Andres"]
[Black "Ricardi, Pablo"]
[Result "0-1"]
[WhiteElo "2504"]
[BlackElo "2545"]
[PlyCount "230"]
[EventDate "2001.09.17"]
[Source "ChessBase"]
[SourceDate "2001.10.26"]

1. e4 c5 2. Nc3 Nc6 3. g3 g6 4. Bg2 Bg7 5. f4 d6 6. d3 Rb8 7. Nh3 e6 8. O-O Nge7 9. g4 Nd4 10. f5 Nec6 11. Bg5 f6 12. Be3 Ne5 13. g5 O-O 14. gxf6 Bxf6 15. fxg6 hxg6 16. Kh1 b6 17. Qd2 Rb7 18. Rf4 Rbf7 19. Raf1 g5 20. R4f2 Ng4 21. Rxf6 Rxf6 22. Rxf6 Qxf6 23. Bxg5 Nf2+ 24. Nxf2 Qxf2 25. Qd1 e5 26. Be7 Rf7 27. Bxd6 Nxc2 28. Qg1 Qf6 29. Bb8 Rg7 30. Nd5 Qg5 31. Qf2 Ne1 32. Bf1 Nf3 33. Qg3 Qxg3 34. hxg3 Rxg3 35. Bg2 Be6 36. Ne7+ Kf7 37. Nc6 Bd7 38. Bxe5 Rg8 39. Bxf3 Bxc6 40. d4 cxd4 41. Bxd4 Rg3 42. Bh5+ Ke7 43. Kh2 Rd3 44. Bc3 Bxe4 45. Be2 Re3 46. Ba6 Bd3 47. Bb7 Kd6 48. Kg1 Bc4 49. a3 Kc5 50. Kf2 Re2+ 51. Kf3 Re8 52. Kf2 Kb5 53. Bf3 Re7 54. Bb4 Re6 55. Bc3 Kc5 56. Bg4 Re8 57. Bh5 Re6 58. Bg4 Rh6 59. Ke3 Rh2 60. Bb4+ Kc6 61. Bc3 Bf1 62. Bf3+ Kb5 63. Bg4 Bg2 64. Be2+ Kc6 65. Bd1 Bd5 66. Kd4 a5 67. Ba4+ Kd6 68. Bb5 Rh4+ 69. Kd3 Kc5 70. Bd7 Bc4+ 71. Ke3 Kd5 72. Bf5 Kc6 73. Bg6 Rh2 74. Be4+ Kd6 75. Bg6 Bd5 76. Bd3 Rh3+ 77. Kd4 Bb3 78. Be1 Bd5 79. Bc3 Rh2 80. Ke3 Bb3 81. Kd4 Rh4+ 82. Ke3 Kc5 83. Bf6 Rh3+ 84. Kd2 Bc4 85. Be7+ Kd5 86. Bc2 Rf3 87. Bd8 Kc5 88. Bc7 Rf7 89. Bg3 Kd4 90. Bh4 Bd5 91. Bd8 Kc5 92. Kc3 Rf3+ 93. Kd2 Bb3 94. Be4 Rh3 95. Bf5 Rh5 96. Be7+ Kd5 97. Bg6 Rh2+ 98. Kc3 Rh3+ 99. Kd2 Rg3 100. Bd3 Rf3 101. Bd8 Kc5 102. Be4 Rh3 103. Bd3 Bc4 104. b4+ Kd5 105. Bf5 Rxa3 106. bxa5 bxa5 107. Bc2 a4 108. Be7 Ra2 109. Kc3 Bb5 110. Bh7 Re2 111. Bg8+ Kc6 112. Bb4 Re3+ 113. Kb2 Bf1 114. Bf7 Kb5 115. Bd6 Bc4 0-1

[Event "Itau Cup 6th"]
[Site "Sao Paulo"]
[Date "2002.10.02"]
[Round "6"]
[White "Rodriguez, Andres"]
[Black "Milos, Gilberto"]
[Result "1/2-1/2"]
[WhiteElo "2467"]
[BlackElo "2574"]
[PlyCount "75"]
[EventDate "2002.09.28"]
[Source "ChessBase"]
[SourceDate "2002.11.06"]

1. e4 c5 2. Nc3 Nc6 3. g3 g6 4. Bg2 Bg7 5. f4 d6 6. d3 Nf6 7. Nf3 O-O 8. O-O Rb8 9. h3 b5 10. a3 a5 11. Be3 b4 12. axb4 axb4 13. Ne2 Nd7 14. Rb1 Ra8 15. b3 Ra2 16. Nc1 Ra5 17. Qe1 Bb7 18. g4 e6 19. g5 f5 20. gxf6 Nxf6 21. Ne2 Nh5 22. Ng5 Qe7 23. Qh4 Nd4 24. Nxd4 Bxd4 25. Bxd4 cxd4 26. Qg4 Nxf4 27. Nxh7 Kxh7 28. Rxf4 Rxf4 29. Qxf4 e5 30. Qf2 Bc8 31. Qd2 Ra2 32. Rf1 Be6 33. Rf2 Qh4 34. Qe1 Qg5 35. Kh2 Qe3 36. Qf1 Ra1 37. Qxa1 Qxf2 38. Qd1 1/2-1/2

[Event "Hannover"]
[Site "Hannover"]
[Date "1983.??.??"]
[Round "2"]
[White "Balashov, Yuri S"]
[Black "Giorgadze, Tamaz"]
[Result "1/2-1/2"]
[WhiteElo "2545"]
[BlackElo "2495"]
[PlyCount "79"]
[EventDate "1983.08.??"]
[Source "ChessBase"]

1. e4 c5 2. Nc3 Nc6 3. g3 g6 4. Bg2 Bg7 5. d3 d6 6. Nge2 Nd4 7. O-O e6 8. Nxd4 cxd4 9. Ne2 Ne7 10. c3 dxc3 11. Nxc3 O-O 12. Be3 Bd7 13. Qd2 Bc6 14. Bg5 Re8 15. d4 Qa5 16. h4 d5 17. e5 Nc8 18. h5 Qc7 19. Rac1 Qd7 20. h6 Bf8 21. Nd1 Be7 22. Re1 Nb6 23. b3 Rec8 24. Qf4 Ba3 25. Qf6 Bf8 26. Ne3 Qd8 27. Qf4 Ba3 28. Rcd1 Nd7 29. Ng4 Bb5 30. Bf1 Bxf1 31. Kxf1 Rc7 32. Re2 Rac8 33. Kg2 Qf8 34. Qf3 a5 35. Bd2 b6 36. Qd3 Rc6 37. Bg5 Qb4 38. Bd2 Qe7 39. Qb5 Kf8 40. Qd3 1/2-1/2

[Event "Lugano SUI"]
[Site "Lugano SUI"]
[Date "1984.??.??"]
[Round "?"]
[White "Hug, Werner"]
[Black "Nunn, John D M"]
[Result "0-1"]
[WhiteElo "2440"]
[BlackElo "2600"]
[PlyCount "95"]
[EventDate "1984.??.??"]
[Source "www.chesslib.no"]
[SourceDate "2004.05.04"]

1. e4 g6 2. Nc3 Bg7 3. g3 c5 4. Bg2 Nc6 5. d3 d6 6. Nge2 e5 7. O-O Nge7 8. a3 h5 9. h4 Bg4 10. Be3 Qd7 11. Qd2 Nd4 12. f3 Bh3 13. Rab1 O-O 14. Nd1 d5 15. Nf2 Bxg2 16. Kxg2 Ne6 17. Bh6 f5 18. Bxg7 Kxg7 19. Rbd1 f4 20. g4 d4 21. Ra1 hxg4 22. Nxg4 Nc6 23. Rh1 Rh8 24. Rh2 Rh5 25. c4 Rah8 26. Rah1 Qe7 27. Qe1 a6 28. b3 Nc7 29. Kf1 Ne8 30. Ng1 Kf7 31. Nh3 Kg7 32. Ng5 Nc7 33. Kg1 b5 34. Rc2 Qxg5 35. cxb5 Nxb5 36. Rxc5 Nba7 37. hxg5 Rxh1+ 38. Kf2 Rxe1 39. Kxe1 Kf7 40. Nxe5+ Nxe5 41. Rxe5 Rb8 42. Rd5 Nc6 43. Rc5 Rb6 44. b4 Ke6 45. Ke2 Kd6 46. Rc4 Rb5 47. Kf2 a5 48. Ke2 0-1

[Event "ROM Team Ch"]
[Site "Romania"]
[Date "1995.??.??"]
[Round "?"]
[White "Fedorov, Alexei"]
[Black "Marin, Mihail"]
[Result "1/2-1/2"]
[WhiteElo "2495"]
[BlackElo "2540"]
[PlyCount "38"]
[EventDate "1995.??.??"]
[Source "www.chesslib.no"]
[SourceDate "2004.05.04"]

1. e4 c5 2. Nf3 d6 3. d3 Nc6 4. g3 g6 5. Bg2 Bg7 6. O-O e5 7. Nc3 Nge7 8. Nd2 O-O 9. Nc4 Be6 10. a4 Qd7 11. Nd5 f5 12. f4 Rae8 13. c3 exf4 14. gxf4 Kh8 15. a5 fxe4 16. dxe4 Bg4 17. Qd3 Nxd5 18. Qxd5 Rd8 19. Qd3 Ne7 1/2-1/2